| 000 | 00373 a2200145 4500 | ||
|---|---|---|---|
| 999 |
_c12455 _d12455 |
||
| 003 | OSt | ||
| 005 | 20240117150340.0 | ||
| 008 | 240117b ||||| |||| 00| 0 eng d | ||
| 020 | _a9783955535520 | ||
| 082 |
_a624.184 _bSCH |
||
| 100 | _aSchoof, Jakob | ||
| 245 | _aEngineering nature : timber structures | ||
| 260 |
_bEdition Detail (20 December 2021) _c2021 |
||
| 942 | _2ddc | ||